LIBRARY & INFORMATION CENTRE, KCAET, TAVANUR

ONLINE PUBLIC ACCESS CATALOGUE (OPAC)

Heat, thermodynamics and statistical physics / (Record no. 11056)

MARC details
000 -LEADER
fixed length control field 00519cam a2200205ua 4500
041 ## - LANGUAGE CODE
Language code of text/sound track or separate title eng
082 ## - DEWEY DECIMAL CLASSIFICATION NUMBER
Classification number 536.7
Item number SIN/HE
100 ## - MAIN ENTRY--AUTHOR NAME
Personal name Singhal, S S .
245 ## - TITLE STATEMENT
Title Heat, thermodynamics and statistical physics /
250 ## - EDITION STATEMENT
Edition statement 7 /
260 ## - PUBLICATION, DISTRIBUTION, ETC. (IMPRINT)
Place of publication Meerut :
Name of publisher Pragati Prakashan ,
Year of publication 1985.
300 ## - PHYSICAL DESCRIPTION
Number of Pages 463 ; .
700 1# - ADDED ENTRY--PERSONAL NAME
Personal name Agarwal, J P .
700 1# - ADDED ENTRY--PERSONAL NAME
Personal name Satyaprakash, .
942 ## - ADDED ENTRY ELEMENTS (KOHA)
Koha item type Books
Holdings
Withdrawn status Lost status Damaged status Home library Current library Date acquired Full call number Accession Number Koha item type
      KAUAET KAUAET 07/04/2012 536.7 SIN/HE 14733 Books
free website counter